The frontiers of management
| Main Author: | |
|---|---|
| Format: | Book |
| Published: |
New York :
Harper & Row Publication ,
1986
|
| Subjects: |
MARC
| LEADER | 00000cam a2200000 7i4500 | ||
|---|---|---|---|
| 001 | 0000006311 | ||
| 005 | 20070228.0 | ||
| 020 | |a 0060971118 | ||
| 040 | |a INS | ||
| 090 | 0 | 0 | |a HD31. |b D78 1986 |
| 100 | 1 | |a Drucker, Peter F. | |
| 245 | 1 | 4 | |a The frontiers of management |c Peter F. Drucker |
| 260 | |a New York : |b Harper & Row Publication , |c 1986 | ||
| 300 | |a 368p. ; |c 20.5 cm. | ||
| 650 | 0 | 0 | |a Industrial management |
| 650 | 0 | 0 | |a Management |
| 999 | |a 0000005329 |b BOOK |c Open Shelf |e Default branch | ||